Luxembourg : Selected Issues.

This Selected Issues paper on Luxembourg reports that exemplary high growth rates and prudent fiscal policies provided the financial basis for the welfare system. Social expenditures in per capita terms, even adjusted for the large number of cross-border workers, rank highest among European Union co...

وصف كامل

التفاصيل البيبلوغرافية
مؤلف مشترك: International Monetary Fund
التنسيق: دورية
اللغة:English
منشور في: Washington, D.C. : International Monetary Fund, 2006.
سلاسل:IMF Staff Country Reports; Country Report ; No. 2006/165
الوصول للمادة أونلاين:Full text available on IMF
LEADER 01576cas a2200241 a 4500
001 AALejournalIMF004192
008 230101c9999 xx r poo 0 0eng d
020 |c 5.00 USD 
020 |z 9781451824377 
022 |a 1934-7685 
040 |a BD-DhAAL  |c BD-DhAAL 
110 2 |a International Monetary Fund. 
245 1 0 |a Luxembourg :   |b Selected Issues. 
264 1 |a Washington, D.C. :  |b International Monetary Fund,  |c 2006. 
300 |a 1 online resource (23 pages) 
490 1 |a IMF Staff Country Reports 
500 |a <strong>Off-Campus Access:</strong> No User ID or Password Required 
500 |a <strong>On-Campus Access:</strong> No User ID or Password Required 
506 |a Electronic access restricted to authorized BRAC University faculty, staff and students 
520 3 |a This Selected Issues paper on Luxembourg reports that exemplary high growth rates and prudent fiscal policies provided the financial basis for the welfare system. Social expenditures in per capita terms, even adjusted for the large number of cross-border workers, rank highest among European Union countries, primarily driven by high replacement rates of public income support, including for unemployment benefits, the minimum guaranteed income, and pensions. Rapid social spending growth has funded substantial increases in unemployment and family benefits. 
538 |a Mode of access: Internet 
830 0 |a IMF Staff Country Reports; Country Report ;  |v No. 2006/165 
856 4 0 |z Full text available on IMF  |u http://elibrary.imf.org/view/journals/002/2006/165/002.2006.issue-165-en.xml  |z IMF e-Library